| 000 | 00558nam a2200217Ia 4500 | ||
|---|---|---|---|
| 003 | OSt | ||
| 005 | 20221005121636.0 | ||
| 006 | a|||||r|||| 00| 0 | ||
| 007 | ta | ||
| 008 | 221004b |||||||| |||| 00| 0 eng d | ||
| 024 | _a47940 | ||
| 037 | _cTextual | ||
| 040 |
_aCRL _cCRL _beng |
||
| 041 |
_2eng _aeng |
||
| 082 | _aQ2213:7v231, A | ||
| 245 | 0 | _aHistory of the sect of Maharajas, or Vallabhacharyas in Western India. | |
| 260 | _c1987 | ||
| 650 | _aRELIGION | ||
| 942 |
_hQ2213:7v231, A _cTEXL _2cc |
||
| 999 |
_c1041806 _d1041806 |
||